| 000 | 00478nam a2200169 i 4500 | ||
|---|---|---|---|
| 001 | 27227 | ||
| 003 | ES-MaACL | ||
| 005 | 20240515063028.0 | ||
| 007 | t| | ||
| 008 | 030113s1963 sp ||||1| spa d | ||
| 100 | 1 |
_aAyala, Francisco, _d1906-2009 _924111 |
|
| 245 | 1 | 0 |
_aDe este mundo y el otro / _cFrancisco Ayala. |
| 260 |
_aBarcelona : _bE.D.H.A.S.A., _c[1963] |
||
| 300 |
_a154 p. ; _c20 cm. |
||
| 852 |
_aES-MaACL _jC-24896 _bR.53572 |
||
| 999 |
_c27227 _d27227 |
||